| 000 | 00474pab a2200157 454500 | ||
|---|---|---|---|
| 008 | 180718b2017 xxu||||| |||| 00| 0 eng d | ||
| 100 | _aBroussard, Nzinga H. | ||
| 245 | _aImmigration and the labor market outcomes of natives in developing countries: a case study of South Africa | ||
| 260 | _c2017 | ||
| 300 | _ap.389-424. | ||
| 362 | _aApr | ||
| 650 | _aLabor market | ||
| 650 | _aImmigration | ||
| 773 | _aEconomic Development and Cultural Change | ||
| 909 | _a115206 | ||
| 999 |
_c115200 _d115200 |
||